[Event "Titled Tuesday intern op 23rd Apr Late"]
[Site "Chess.com INT"]
[Date "2024.04.23"]
[Round "7"]
[White "Leschinsky, Gary"]
[Black "Rogov, Matfey"]
[Result "0-1"]
[WhiteElo "1992"]
[BlackElo "2191"]
[PlyCount "62"]
[EventDate "2024.04.23"]
[EventType "swiss (blitz)"]
[EventRounds "11"]
[EventCountry "USA"]
[SourceTitle "CB18_2024"]
[SourceDate "2024.05.01"]
[SourceVersion "1"]
[SourceVersionDate "2024.05.01"]
[SourceQuality "2"]

1. d4 e6 2. c4 b6 3. e4 Bb7 4. Bd3 Bb4+ 5. Bd2 Bxd2+ 6. Qxd2 c5 7. d5 d6 8. Nc3 Ne7 9. Nge2 Nd7 10. 0-0 e5 11. a3 a6 12. b4 Qc7 13. Ng3 g6 14. Rfc1 h5 15. Nf1 0-0-0 16. Rab1 f5 17. Na4 Kb8 18. bxc5 dxc5 19. Qg5 Nc8 20. Qxg6 fxe4 21. Qxe4 Nd6 22. Qe2 Rhg8 23. Nd2 e4 24. Nxe4 Nf5 25. Qb2 Ka7 26. Bf1 Rg6 27. Re1 Ne5 28. Ng3 Nd4 29. Rbd1 h4 30. Ne4 Nef3+ 31. Kh1 Qxh2# 0-1

[Event "Titled Tuesday intern op 16th Apr Late"]
[Site "Chess.com INT"]
[Date "2024.04.16"]
[Round "4"]
[White "Demchenko, Anton"]
[Black "Rogov, Matfey"]
[Result "0-1"]
[WhiteElo "2609"]
[BlackElo "2191"]
[PlyCount "174"]
[EventDate "2024.04.16"]
[EventType "swiss (blitz)"]
[EventRounds "11"]
[EventCountry "USA"]
[SourceTitle "CB17_2024"]
[SourceDate "2024.04.24"]
[SourceVersion "1"]
[SourceVersionDate "2024.04.24"]
[SourceQuality "1"]

1. e4 e5 2. Nf3 Nf6 3. Nxe5 d5 4. Nf3 dxe4 5. Ne5 Bc5 6. Nc4 Nc6 7. Ne3 Ne5 8. Be2 h5 9. h3 Be6 10. Nc3 Qd7 11. d3 0-0-0 12. dxe4 Qc6 13. Bd3 g5 14. Qe2 a6 15. Bd2 h4 16. 0-0 g4 17. Ncd5 Bxd5 18. exd5 Qd6 19. Bf5+ Kb8 20. Nxg4 Nfxg4 21. Bxg4 Qxd5 22. Bc3 Nxg4 23. Bxh8 Nxf2 24. Rxf2 Rxh8 25. Raf1 Rg8 26. Kh1 Rg3 27. Rf3 Rg7 28. Rf5 Qd4 29. Qf3 Bd6 30. Rxf7 Rg3 31. Qf2 Qe5 32. Rf5 Qe4 33. Rf3 Rg8 34. Re3 Qd5 35. Qe2 Ka7 36. Re4 Qc6 37. Qe3+ Bc5 38. Qf3 Rg3 39. Qe2 Bb6 40. c3 Qg6 41. Rg4 Qd6 42. Rxg3 hxg3 43. Qf3 a5 44. a3 a4 45. Qf4 Qc6 46. Qxg3 Qb5 47. Qf3 Qxb2 48. h4 Qxa3 49. g3 Qc5 50. Qf4 Qb5 51. Kg2 a3 52. Qf3 a2 53. Qd1 Qc6+ 54. Kh3 Qxc3 55. Qa1 Qc4 56. Rh1 Qe6+ 57. Kg2 Qe2+ 58. Kh3 Qe4 59. Rh2 Qe6+ 60. Kg2 Qd5+ 61. Kh3 Qf5+ 62. Kg2 Qb1 63. Qc3 a1Q 64. Qxa1+ Qxa1 65. Kh3 Qf1+ 66. Kg4 Qc4+ 67. Kh3 Qe6+ 68. Kg2 Bg1 69. Kxg1 b5 70. h5 Qh6 71. g4 b4 72. Kh1 b3 73. g5 Qc6+ 74. Kg1 Qc5+ 75. Kh1 Qd5+ 76. Kg1 Qxg5+ 77. Kh1 b2 78. Rxb2 Qc1+ 79. Kg2 Qxb2+ 80. Kg3 Qh8 81. Kg4 c6 82. Kg5 Kb7 83. h6 Kb6 84. Kg6 Kb5 85. h7 c5 86. Kh6 c4 87. Kg6 c3 0-1

[Event "Titled Tuesday intern op 16th Apr Late"]
[Site "Chess.com INT"]
[Date "2024.04.16"]
[Round "3"]
[White "Valiyev, Shahin"]
[Black "Rogov, Matfey"]
[Result "0-1"]
[WhiteElo "2244"]
[BlackElo "2191"]
[PlyCount "60"]
[EventDate "2024.04.16"]
[EventType "swiss (blitz)"]
[EventRounds "11"]
[EventCountry "USA"]
[SourceTitle "CB17_2024"]
[SourceDate "2024.04.24"]
[SourceVersion "1"]
[SourceVersionDate "2024.04.24"]
[SourceQuality "1"]

1. e4 e5 2. Nf3 Nf6 3. Nxe5 d5 4. Nf3 dxe4 5. Ng1 Bc5 6. d3 0-0 7. Nc3 Re8 8. Be2 Nc6 9. dxe4 Qxd1+ 10. Nxd1 Nb4 11. Bd3 Nxe4 12. Ne2 Nxd3+ 13. cxd3 Bb4+ 14. Kf1 Nd2+ 15. Bxd2 Bxd2 16. Ndc3 Bf5 17. Rd1 Bh6 18. h3 Rad8 19. d4 Bc2 20. Ra1 Bd3 21. f3 Rxd4 22. Kf2 Bxe2 23. Nxe2 Rd2 24. Rhe1 Rxb2 25. g3 Be3+ 26. Kf1 Bc5 27. a3 h5 28. g4 Re3 29. Ng1 Rxe1+ 30. Rxe1 Rf2# 0-1

[Event "Titled Tuesday intern op 02nd Apr Early"]
[Site "Chess.com INT"]
[Date "2024.04.02"]
[Round "6"]
[White "Berezin, Viktor1"]
[Black "Rogov, Matfey"]
[Result "1-0"]
[WhiteElo "2307"]
[BlackElo "2191"]
[PlyCount "59"]
[EventDate "2024.04.02"]
[EventType "swiss (blitz)"]
[EventRounds "11"]
[EventCountry "USA"]
[SourceTitle "CB15_2024"]
[SourceDate "2024.04.10"]
[SourceVersion "1"]
[SourceVersionDate "2024.04.10"]
[SourceQuality "1"]

1. d4 Nf6 2. Nf3 d5 3. c4 e6 4. g3 dxc4 5. Qa4+ Nc6 6. Qxc4 Qd5 7. Qd3 Nb4 8. Qd1 Qf5 9. Na3 Nc6 10. Bg2 Bb4+ 11. Bd2 Bxa3 12. bxa3 0-0 13. 0-0 Rd8 14. e3 e5 15. Nxe5 Nxe5 16. dxe5 Qxe5 17. Bc3 Qe7 18. Qf3 c6 19. Bb4 Qe5 20. e4 Bg4 21. Qe3 h6 22. h3 Be6 23. Bc3 Qg5 24. Qe2 b5 25. Rfd1 Bc4 26. Qb2 h5 27. h4 Qg4 28. Rd4 Rxd4 29. Bxd4 Qf5 30. exf5 1-0

[Event "Titled Tuesday intern op 02nd Apr Early"]
[Site "Chess.com INT"]
[Date "2024.04.02"]
[Round "7"]
[White "Jovic, Stanoje"]
[Black "Rogov, Matfey"]
[Result "1-0"]
[WhiteElo "2097"]
[BlackElo "2191"]
[PlyCount "103"]
[EventDate "2024.04.02"]
[EventType "swiss (blitz)"]
[EventRounds "11"]
[EventCountry "USA"]
[SourceTitle "CB15_2024"]
[SourceDate "2024.04.10"]
[SourceVersion "1"]
[SourceVersionDate "2024.04.10"]
[SourceQuality "1"]

1. c4 e5 2. g3 Nf6 3. Bg2 c6 4. Nf3 e4 5. Nd4 d5 6. cxd5 Qxd5 7. e3 Bc5 8. Nc3 Qe5 9. Nb3 Bd6 10. 0-0 Bg4 11. f3 exf3 12. Bxf3 Qh5 13. Ne4 Nxe4 14. Bxg4 Qg5 15. Qf3 Nf6 16. Bc8 Qb5 17. Nd4 Qb6 18. Nf5 Bf8 19. Qf4 Na6 20. Qe5+ Kd8 21. Nxg7 Bxg7 22. Rxf6 Bxf6 23. Qxf6+ Kc7 24. Qxh8 Rxc8 25. Qxh7 Qc5 26. a3 Kb8 27. b4 Qe5 28. Rb1 Rh8 29. Bb2 Qxb2 30. Rxb2 Rxh7 31. Kg2 Nc7 32. h4 Ne6 33. d4 Kc7 34. b5 c5 35. d5 Nf8 36. e4 b6 37. Kf3 Kd6 38. Kf4 Rh5 39. Rf2 Re5 40. g4 Ng6+ 41. Kg3 Rxe4 42. Rxf7 Rxg4+ 43. Kxg4 Ne5+ 44. Kf5 Nxf7 45. h5 Kxd5 46. Kf6 Nh8 47. Kg7 Ke6 48. Kxh8 Kf7 49. a4 c4 50. a5 c3 51. axb6 axb6 52. h6 1-0

[Event "Titled Tuesday intern op 02nd Apr Late"]
[Site "Chess.com INT"]
[Date "2024.04.02"]
[Round "6"]
[White "Rogov, Matfey"]
[Black "Hoffmann, Asa"]
[Result "1-0"]
[WhiteElo "2191"]
[BlackElo "2185"]
[PlyCount "89"]
[EventDate "2024.04.02"]
[EventType "swiss (blitz)"]
[EventRounds "11"]
[EventCountry "USA"]
[SourceTitle "CB15_2024"]
[SourceDate "2024.04.10"]
[SourceVersion "1"]
[SourceVersionDate "2024.04.10"]
[SourceQuality "1"]

1. e4 d6 2. d4 c6 3. Nc3 a6 4. Bd3 g6 5. h4 Bg7 6. Nge2 h6 7. h5 g5 8. f4 gxf4 9. Bxf4 Bg4 10. Qd2 e6 11. 0-0-0 Qa5 12. Kb1 b5 13. Bxd6 b4 14. Qf4 bxc3 15. Qxg4 Qg5 16. Qxg5 hxg5 17. bxc3 Nf6 18. e5 Ng4 19. Rdf1 Nd7 20. Ng3 Ne3 21. Rf2 Nd5 22. c4 Nf4 23. Kc1 f5 24. exf6 Bxf6 25. Bg6+ Kd8 26. c3 Ra7 27. Kc2 Rb7 28. Bxf4 gxf4 29. Rxf4 Ke7 30. Ne4 Rbb8 31. Nxf6 Nxf6 32. Rhf1 Rbf8 33. g4 Nd7 34. Rf7+ Rxf7 35. Rxf7+ Kd8 36. Rh7 Rf8 37. Rf7 Rh8 38. Be4 c5 39. Rh7 Rg8 40. Bg6 Nf6 41. Ra7 Ne8 42. Ra8+ Ke7 43. Rxe8+ Rxe8 44. Bxe8 Kxe8 45. dxc5 1-0

[Event "Titled Tuesday intern op 12th Mar Late"]
[Site "Chess.com INT"]
[Date "2024.03.12"]
[Round "8"]
[White "Melillo, Lucius"]
[Black "Rogov, Matfey"]
[Result "0-1"]
[WhiteElo "2274"]
[BlackElo "2163"]
[PlyCount "64"]
[EventDate "2024.03.12"]
[EventType "swiss (blitz)"]
[EventRounds "11"]
[EventCountry "USA"]
[SourceTitle "CB12_2024"]
[SourceDate "2023.10.01"]
[SourceVersion "1"]
[SourceVersionDate "2023.10.01"]
[SourceQuality "1"]

1. d4 e6 2. Bf4 c5 3. e3 Nf6 4. Nf3 Nc6 5. Nbd2 cxd4 6. exd4 Qb6 7. Nb3 a5 8. a4 d5 9. Be2 Qd8 10. 0-0 Bd6 11. Ne5 Qc7 12. Re1 0-0 13. Bd3 Nb4 14. c3 Nxd3 15. Qxd3 Nd7 16. Nxd7 Bxd7 17. Bxd6 Qxd6 18. Nc5 Bc6 19. Qg3 Qxg3 20. hxg3 b6 21. Nd3 Rfe8 22. Ne5 Bb7 23. f4 f6 24. Nf3 Kf7 25. Kf2 Bc6 26. g4 Reb8 27. g5 b5 28. gxf6 gxf6 29. axb5 Rxb5 30. Reb1 Rab8 31. Ra2 a4 32. Nd2 R5b7 0-1

[Event "Titled Tuesday intern op 12th Mar Late"]
[Site "Chess.com INT"]
[Date "2024.03.12"]
[Round "9"]
[White "Rees, Ioan"]
[Black "Rogov, Matfey"]
[Result "0-1"]
[WhiteElo "2272"]
[BlackElo "2163"]
[PlyCount "46"]
[EventDate "2024.03.12"]
[EventType "swiss (blitz)"]
[EventRounds "11"]
[EventCountry "USA"]
[SourceTitle "CB12_2024"]
[SourceDate "2023.10.01"]
[SourceVersion "1"]
[SourceVersionDate "2023.10.01"]
[SourceQuality "1"]

1. c4 e5 2. Nc3 Nf6 3. Nf3 e4 4. Ng5 c6 5. Ngxe4 Nxe4 6. Nxe4 d5 7. cxd5 cxd5 8. Ng3 h5 9. e3 h4 10. Ne2 Bd6 11. d4 Qf6 12. Bd2 Nc6 13. Rc1 h3 14. g3 Bg4 15. Qb3 0-0 16. Qxb7 Nb4 17. Bxb4 Rab8 18. Qxb8 Rxb8 19. Bc3 Qf3 20. Rg1 Bb4 21. Nf4 Bxc3+ 22. bxc3 Rb2 23. Nh5 Qxf2# 0-1

[Event "Titled Tuesday intern op 12th Mar Early"]
[Site "Chess.com INT"]
[Date "2024.03.12"]
[Round "2"]
[White "Rogov, Matfey"]
[Black "Kuziev, Miraziz"]
[Result "0-1"]
[WhiteElo "2163"]
[BlackElo "2218"]
[PlyCount "74"]
[EventDate "2024.03.12"]
[EventType "swiss (blitz)"]
[EventRounds "11"]
[EventCountry "USA"]
[SourceTitle "CB12_2024"]
[SourceDate "2023.10.01"]
[SourceVersion "1"]
[SourceVersionDate "2023.10.01"]
[SourceQuality "1"]

1. e4 e5 2. Nf3 Nc6 3. c3 Nf6 4. d4 d6 5. Bb5 Bd7 6. Bg5 h6 7. Bh4 g5 8. Bg3 Nxe4 9. Bxc6 Bxc6 10. dxe5 Nxg3 11. hxg3 dxe5 12. Qe2 Qe7 13. 0-0 Bg7 14. Re1 0-0-0 15. Nbd2 Rhe8 16. b4 e4 17. Nd4 Bxd4 18. cxd4 Qxb4 19. Nb3 f5 20. Rab1 Qb5 21. Qc2 Qd3 22. Qc5 e3 23. fxe3 Rxe3 24. Na5 Rxe1+ 25. Rxe1 Qxg3 26. Qxf5+ Bd7 27. Qe4 c6 28. Rb1 Re8 29. Qc2 Qe3+ 30. Kh1 Re4 31. Qxe4 Qxe4 32. Rxb7 Qe1+ 33. Kh2 Qh4+ 34. Kg1 Qxd4+ 35. Kh2 Qh4+ 36. Kg1 Qe1+ 37. Kh2 Qxa5 0-1

[Event "Titled Tuesday intern op 12th Mar Late"]
[Site "Chess.com INT"]
[Date "2024.03.12"]
[Round "2"]
[White "Rogov, Matfey"]
[Black "Rohit, Krishna S"]
[Result "1-0"]
[WhiteElo "2163"]
[BlackElo "2410"]
[PlyCount "67"]
[EventDate "2024.03.12"]
[EventType "swiss (blitz)"]
[EventRounds "11"]
[EventCountry "USA"]
[SourceTitle "CB12_2024"]
[SourceDate "2023.10.01"]
[SourceVersion "1"]
[SourceVersionDate "2023.10.01"]
[SourceQuality "1"]

1. e4 c5 2. Nf3 d6 3. d4 cxd4 4. Nxd4 Nf6 5. Nc3 a6 6. a3 e5 7. Nf5 Nxe4 8. Nxg7+ Bxg7 9. Nxe4 0-0 10. Bc4 Nc6 11. Bg5 Qa5+ 12. b4 Nxb4 13. axb4 Qxb4+ 14. Nd2 Bf5 15. 0-0 Rac8 16. Bb3 h6 17. Be3 Rfd8 18. Ra4 Qc3 19. Qh5 Bxc2 20. Bxf7+ Kh7 21. Rg4 Rc7 22. Bg6+ Kg8 23. Bxh6 Rdd7 24. Bh7+ Kf8 25. Bxc2 Qxc2 26. Bxg7+ Ke7 27. Qh4+ Ke6 28. Ne4 Rf7 29. Qh6+ Kd5 30. Qxd6+ Kc4 31. Ng5+ Kb5 32. Nxf7 Rxf7 33. Rb4+ Ka5 34. Qb6# 1-0

[Event "Titled Tuesday intern op 13th Feb Early"]
[Site "Chess.com INT"]
[Date "2024.02.13"]
[Round "4"]
[White "Harutjunyan, Gevorg"]
[Black "Rogov, Matfey"]
[Result "1-0"]
[WhiteElo "2358"]
[BlackElo "2152"]
[PlyCount "69"]
[EventDate "2024.02.13"]
[EventType "swiss (blitz)"]
[EventRounds "11"]
[EventCountry "USA"]
[SourceTitle "CB08_2024"]
[SourceDate "2024.02.21"]
[SourceVersion "1"]
[SourceVersionDate "2024.02.21"]
[SourceQuality "1"]

1. e4 e5 2. Nf3 Nf6 3. Nc3 Nc6 4. d4 exd4 5. Nxd4 Nxe4 6. Nxe4 Qe7 7. Bd3 Nxd4 8. 0-0 d5 9. Bc4 dxc4 10. Qxd4 Be6 11. Bg5 Qd7 12. Qe5 Qd5 13. Qf4 Bd6 14. Nxd6+ Qxd6 15. Qh4 Qc6 16. Be7 c3 17. b3 h6 18. Bb4 f6 19. Rfe1 Kf7 20. Re3 Rad8 21. Rae1 Rhe8 22. Rxc3 Qd7 23. Qg3 c6 24. h4 Bd5 25. Rd1 b6 26. Rcd3 Qf5 27. c4 a5 28. Ba3 Re4 29. cxd5 Rde8 30. dxc6 g5 31. f3 Rxh4 32. c7 Qb5 33. Qd6 Kg6 34. Qd5 Qxd5 35. Rxd5 1-0